Loading…

MARC

LEADER 00000cam a22000004a 4500
001 musev2_68656
003 MdBmJHUP
005 20230905051110.0
006 m o d
007 cr||||||||nn|n
008 040406s2004 ncu o 00 0 eng d
020 |a 9780822386179 
020 |z 9780822333791 
020 |z 9780822333906 
035 |a (OCoLC)984521617 
040 |a MdBmJHUP  |c MdBmJHUP 
100 1 |a Salomon, Frank. 
245 1 4 |a The Cord Keepers :   |b Khipus and Cultural Life in a Peruvian Village /   |c Frank Salomon. 
264 1 |a Durham :  |b Duke University Press,  |c 2004. 
264 3 |a Baltimore, Md. :  |b Project MUSE,   |c 2020 
264 4 |c ©2004. 
300 |a 1 online resource (362 pages):   |b illustrations (some color), maps 
336 |a text  |b txt  |2 rdacontent 
337 |a computer  |b c  |2 rdamedia 
338 |a online resource  |b cr  |2 rdacarrier 
490 0 |a Latin America otherwise 
505 0 |a The Unread Legacy: An Introduction to Tupicocha's Khipu Problem, and anthropology's -- 1. Universes of the Legible and Theories of Writing -- 2. A Flowery Script: The Social and Documentary Order of Modern Tupicocha Village -- 3. Living by the Book of the Thousand: Community, Ayllu and Customary Governance -- 4. The Tupicochan Staff Code -- 5. The Khipu Art after the Inkas -- 6. The Patrimonial Quipocamayos of Tupicocha -- 7. Ayllu Cords and Ayllu Books -- 8. The Half-life and Afterlife of an Andean Medium: How Modern Villagers Interpret Quipocamayos -- 9. Toward Synthetic Interpretation. 
520 |a An ethnography of Andean knot writing, where media convey information without an alphabet or any other visual likeness of speech, examining the ways that such "mute inscription" communicates social experience. 
546 |a English. 
588 |a Description based on print version record. 
650 7 |a Kulturleben  |2 gnd 
650 7 |a Quipu.  |2 fast  |0 (OCoLC)fst01086107 
650 7 |a Quechua philosophy.  |2 fast  |0 (OCoLC)fst01085616 
650 7 |a Quechua Indians  |x Social life and customs.  |2 fast  |0 (OCoLC)fst01085571 
650 7 |a Quechua Indians.  |2 fast  |0 (OCoLC)fst01085540 
650 7 |a Manners and customs.  |2 fast  |0 (OCoLC)fst01007815 
650 7 |a HISTORY  |z Latin America  |z South America.  |2 bisacsh 
650 6 |a Quechua (Indiens)  |z Perou  |z Huarochirí (Province)  |x Moeurs et coutumes. 
650 6 |a Philosophie quechua  |z Perou  |z Huarochirí (Province) 
650 6 |a Quechua (Indiens)  |z Perou  |z Huarochirí (Province)  |x Histoire. 
650 6 |a Quipu  |z Perou  |z Huarochirí (Province)  |x Histoire. 
650 1 2 |a Indians, South American  |x history 
650 0 |a Quechua Indians  |z Peru  |z Huarochirí (Province)  |x Social life and customs. 
650 0 |a Quechua philosophy  |z Peru  |z Huarochirí (Province) 
650 0 |a Quechua Indians  |z Peru  |z Huarochirí (Province)  |x History. 
650 0 |a Quipu  |z Peru  |z Huarochirí (Province)  |x History. 
651 7 |a Quechua.  |2 swd 
651 7 |a Provinz Huarochiri  |2 gnd 
651 7 |a Peru  |z Huarochirí (Province)  |2 fast  |0 (OCoLC)fst01330865 
651 6 |a Huarochirí (Perou : Province)  |x Moeurs et coutumes. 
651 6 |a Huarochirí (Perou : Province)  |x Histoire. 
651 2 |a Peru 
651 0 |a Huarochirí (Peru : Province)  |x Social life and customs. 
651 0 |a Huarochirí (Peru : Province)  |x History. 
655 7 |a History.  |2 fast  |0 (OCoLC)fst01411628 
655 7 |a Electronic books.   |2 local 
710 2 |a Project Muse.  |e distributor 
830 0 |a Book collections on Project MUSE. 
856 4 0 |z Texto completo  |u https://projectmuse.uam.elogim.com/book/68656/ 
945 |a Project MUSE - Custom Collection